00707 2200241 4500001002100000005001700021008004100038035002400079040001200103082001700115084002300132090002700155100001200182245008400194250001100278260004600289300003100335504002900366650002300395700001700418850001200435990001800447INLIS00000000002294520160927113137.0  0010-091600000000717 aYOPDYOG a793.31959811 a793.31959811 Mur T aBTR 793.31959811 Mur T aMurtala aTari Aceh Yuslizar dan Kreasi yang Mentradisic/ Murtala ; editor, Helmi Noviar aCet. 1 aBanda AcehbNo Goverment Individualc2009 a93 hlm.b: ilus.c; 21 cm. aBibliografi : hlm. 62-64 aTarian Daerah Aceh aHelmi Noviar aYOPDYOG a52864-PD/A.16